Internet, virtualidad y comunidad /
שמור ב:
| מחבר ראשי: | |
|---|---|
| פורמט: | Texto |
| נושאים: | |
| תגים: |
הוספת תג
אין תגיות, היה/י הראשונ/ה לתייג את הרשומה!
|
MARC
| LEADER | 00000 a a2200000 04500 | ||
|---|---|---|---|
| 001 | 14512 | ||
| 003 | |||
| 040 | |||
| 100 | |a Siles González, Ignacio | ||
| 245 | |a Internet, virtualidad y comunidad / |c Ignacio Siles González | ||
| 650 | |a COMUNIDADES | ||
| 650 | |2 Macrothesaurus de la OCDE | ||
| 650 | |a INTERNET | ||
| 773 | |g número 108 (II); páginas 55-69 | ||
| 999 | |c 37926 |d 37926 | ||
| 773 | 0 | |0 18728 |9 3032 |a Universidad de Costa Rica |d San José, Costa Rica Editorial UCR 1956- |o 02389 |t Revista de Ciencias Sociales/ |x 04825276 | |
